=LDR 00000nam 2200000 4500 =001 INLIS000000000009477 =005 20130612101252 =008 ***********************************Ind** =035 ##$$0010-061300000009477 =041 ##$$a Ind =082 ##$$a 658 =090 ##$$a 658, Has - m =100 ##$$a Hasibuan, H. Malayu. S. P =245 ##$$a Manajemen, Dasar, Pengertian dan Masalah, H. Malayu S. P hasibuan, editor, Estu Rahayu =260 ##$$a 2001 $b Jakarta =300 ##$$a xii, 266 hlm, ilus, 21 cm =650 ##$$a Manajemen =700 ##$$a Rahayu, Estu =850 ##$$a NBPNMAT